La strada

A este clásico del cine italiano se le menciona como el primer filme donde el director Federico Fellini logró sentar sus obsesiones y y temas recurrentes: lo bizarro, la difícil relación entre el cuerpo y lo espiritual, el amor trágico, las fracturas de la realidad. \Todo en una historia sencilla co...

Full description

Bibliographic Details
Other Authors: Fellini, Federico 1920-1993 (Conductor)
Format: DVD
Language:Italian
Published: Italia: DVD Video, 1952.
Subjects:

MARC

LEADER 00000cgm a2200000 a 4500
001 030436
003 UAHC_CL
005 20190725200518.0
008 080121s1952 it 000 u ita
952 |0 0  |1 0  |2 ddc  |4 0  |6 DVD_183  |7 0  |8 COMP  |9 59516  |a BC  |b BC  |c Referencia  |d 2017-08-03  |l 0  |o DVD-183  |p 1361474  |r 2022-01-14 00:00:00  |t c.1  |w 2017-08-03  |y DVD 
952 |0 0  |1 0  |2 ddc  |4 0  |6 DVD_183  |7 0  |8 COMP  |9 59517  |a BS  |b BS  |c Referencia  |d 2017-08-03  |l 1  |m 1  |o DVD-183  |p 1376493  |r 2024-05-29 00:00:00  |s 2024-04-23  |t c.1  |w 2017-08-03  |y DVD 
999 |c 30436  |d 30436 
040 |a UAHC_CL  |c UAHC_CL  |d UAHC_CL 
245 1 3 |a La strada   |c Federico Fellini. 
260 |a Italia:  |b DVD Video,  |c 1952. 
300 |a 1 videodisco (98 min.) 
520 |a A este clásico del cine italiano se le menciona como el primer filme donde el director Federico Fellini logró sentar sus obsesiones y y temas recurrentes: lo bizarro, la difícil relación entre el cuerpo y lo espiritual, el amor trágico, las fracturas de la realidad. \Todo en una historia sencilla como cuento de niños: la ingenua Gelsomina es vendida a Zampano, un bruto que se gana la vida con un truco de feria. Ella lo ama pero él la trata con rudeza. La aparición de Fool, un payaso más amable que Zampano, desencadenará el drama. 
650 0 |a Películas cinematográficas  |9 7799  |z Italia 
700 |a Fellini, Federico  |e dir.  |9 7798  |d 1920-1993 
900 |a DVD-183 
942 |c DVD